[Event "45th FIDE Chess Olympiad Open"]
[Site "Budapest, Hungary"]
[Date "2024.09.20"]
[Round "9"]
[White "Idani, Pouya"]
[Black "Bu, Xiangzhi"]
[Result "1/2-1/2"]
[Board "12"]
[WhiteFideId "12510130"]
[BlackFideId "8601445"]
[WhiteTitle "GM"]
[BlackTitle "GM"]
[WhiteElo "2599"]
[BlackElo "2693"]
[WhiteTeam "Iran"]
[BlackTeam "China"]
[WhiteClock "0:08:09"]
[BlackClock "0:07:54"]
[Variant "Standard"]

1. e4 {[%clk 1:30:57]}  e5 {[%clk 1:30:44]} 2. Nf3 {[%clk 1:31:22]}  Nf6 {[%clk 1:31:07]} 3. Nxe5 {[%clk 1:31:48]}  d6 {[%clk 1:31:33]} 4. Nf3 {[%clk 1:32:15]}  Nxe4 {[%clk 1:31:58]} 5. d4 {[%clk 1:32:42]}  d5 {[%clk 1:32:14]} 6. Bd3 {[%clk 1:33:07]}  Nc6 {[%clk 1:32:05]} 7. O-O {[%clk 1:33:29]}  Be7 {[%clk 1:32:09]} 8. Nbd2 {[%clk 1:33:17]}  Bf5 {[%clk 1:29:47]} 9. Re1 {[%clk 1:33:38]}  Nxd2 {[%clk 1:30:10]} 10. Qxd2 {[%clk 1:34:05]}  Bg6 {[%clk 1:30:35]} 11. Bxg6 {[%clk 1:34:27]}  hxg6 {[%clk 1:30:59]} 12. Qd3 {[%clk 1:34:54]}  Qd7 {[%clk 1:30:52]} 13. Bg5 {[%clk 1:32:56]}  O-O {[%clk 1:29:45]} 14. Bxe7 {[%clk 1:33:17]}  Nxe7 {[%clk 1:30:13]} 15. Ne5 {[%clk 1:30:32]}  Qd6 {[%clk 1:30:35]} 16. h4 {[%clk 1:29:54]}  Rae8 {[%clk 1:27:21]} 17. c3 {[%clk 1:20:15]}  Qe6 {[%clk 0:53:31]} 18. Qb5 {[%clk 1:02:43]}  Qc8 {[%clk 0:51:54]} 19. Qd7 {[%clk 1:02:28]}  c6 {[%clk 0:40:02]} 20. g4 {[%clk 0:51:29]}  f6 {[%clk 0:33:27]} 21. Qxc8 {[%clk 0:51:49]}  Rxc8 {[%clk 0:33:53]} 22. Nd3 {[%clk 0:47:47]}  Rfe8 {[%clk 0:20:54]} 23. Re3 {[%clk 0:46:22]}  Kf7 {[%clk 0:20:51]} 24. Nc5 {[%clk 0:43:36]}  Rc7 {[%clk 0:21:03]} 25. Rae1 {[%clk 0:42:28]}  Rh8 {[%clk 0:21:23]} 26. Ne6 {[%clk 0:41:25]}  Rd7 {[%clk 0:21:50]} 27. Nf4 {[%clk 0:40:11]}  Nc8 {[%clk 0:22:13]} 28. Rh3 {[%clk 0:34:53]}  Re7 {[%clk 0:21:58]} 29. Rxe7+ {[%clk 0:31:18]}  Nxe7 {[%clk 0:22:26]} 30. Re3 {[%clk 0:28:39]}  Nc8 {[%clk 0:21:33]} 31. h5 {[%clk 0:28:26]}  gxh5 {[%clk 0:17:40]} 32. Nxh5 {[%clk 0:28:51]}  Nd6 {[%clk 0:16:13]} 33. f3 {[%clk 0:23:48]}  f5 {[%clk 0:09:27]} 34. Kg2 {[%clk 0:20:11]}  g6 {[%clk 0:06:12]} 35. Nf4 {[%clk 0:20:35]}  fxg4 {[%clk 0:03:36]} 36. fxg4 {[%clk 0:20:52]}  Rh4 {[%clk 0:03:15]} 37. Re7+ {[%clk 0:17:27]}  Kxe7 {[%clk 0:01:15]} 38. Nxg6+ {[%clk 0:17:51]}  Kf6 {[%clk 0:01:42]} 39. Nxh4 {[%clk 0:18:16]}  Nc4 {[%clk 0:02:05]} 40. b3 {[%clk 0:16:35]}  Ne3+ {[%clk 0:01:38]} 41. Kf3 {[%clk 0:15:19]}  Nd1 {[%clk 0:02:02]} 42. c4 {[%clk 0:10:47]}  dxc4 {[%clk 0:24:35]} 43. bxc4 {[%clk 0:41:09]}  Nc3 {[%clk 0:20:37]} 44. Kf4 {[%clk 0:40:21]}  Ne2+ {[%clk 0:19:13]} 45. Ke3 {[%clk 0:40:29]}  Nc3 {[%clk 0:19:36]} 46. a3 {[%clk 0:35:12]}  b5 {[%clk 0:14:17]} 47. Kd3 {[%clk 0:22:33]}  Nb1 {[%clk 0:12:27]} 48. a4 {[%clk 0:22:35]}  bxa4 {[%clk 0:10:28]} 49. Nf3 {[%clk 0:21:52]}  a3 {[%clk 0:10:48]} 50. Kc2 {[%clk 0:22:17]}  a2 {[%clk 0:11:13]} 51. Kb2 {[%clk 0:22:44]}  Nc3 {[%clk 0:05:36]} 52. Ne5 {[%clk 0:20:16]}  c5 {[%clk 0:05:40]} 53. Nd7+ {[%clk 0:20:08]}  Kg5 {[%clk 0:06:06]} 54. dxc5 {[%clk 0:18:50]}  Ne4 {[%clk 0:06:31]} 55. c6 {[%clk 0:18:08]}  Nd6 {[%clk 0:06:49]} 56. c5 {[%clk 0:11:31]}  Nb5 {[%clk 0:07:05]} 57. Nb6 {[%clk 0:08:24]}  Nc7 {[%clk 0:06:49]} 58. Kxa2 {[%clk 0:08:33]}  axb6 {[%clk 0:06:56]} 59. cxb6 {[%clk 0:08:57]}  Nd5 {[%clk 0:07:25]} 60. b7 {[%clk 0:08:09]}  Nb4+ {[%clk 0:07:54]} 1/2-1/2

[Event "45th FIDE Chess Olympiad Open"]
[Site "Budapest, Hungary"]
[Date "2024.09.20"]
[Round "9"]
[White "Carlsen, Magnus"]
[Black "Fedoseev, Vladimir"]
[Result "0-1"]
[Board "13"]
[WhiteFideId "1503014"]
[BlackFideId "24130737"]
[WhiteTitle "GM"]
[BlackTitle "GM"]
[WhiteElo "2832"]
[BlackElo "2692"]
[WhiteTeam "Norway"]
[BlackTeam "Slovenia"]
[WhiteClock "0:13:42"]
[BlackClock "0:26:17"]
[Variant "Standard"]

1. d4 {[%clk 1:30:06]}  d5 {[%clk 1:30:03]} 2. Nf3 {[%clk 1:30:15]}  c5 {[%clk 1:26:12]} 3. c4 {[%clk 1:28:02]}  cxd4 {[%clk 1:26:19]} 4. cxd5 {[%clk 1:26:09]}  Nf6 {[%clk 1:26:38]} 5. Nxd4 {[%clk 1:12:58]}  Nxd5 {[%clk 1:27:00]} 6. e4 {[%clk 1:08:28]}  Nf6 {[%clk 1:27:17]} 7. Bb5+ {[%clk 1:04:55]}  Bd7 {[%clk 1:27:39]} 8. Nc3 {[%clk 0:52:30]}  e5 {[%clk 1:19:06]} 9. Bxd7+ {[%clk 0:51:06]}  Qxd7 {[%clk 1:15:43]} 10. Nf5 {[%clk 0:49:00]}  Qxd1+ {[%clk 1:09:59]} 11. Kxd1 {[%clk 0:47:35]}  Nc6 {[%clk 1:05:28]} 12. Bg5 {[%clk 0:45:47]}  Ng4 {[%clk 0:58:36]} 13. Ke2 {[%clk 0:44:00]}  f6 {[%clk 0:54:36]} 14. Bh4 {[%clk 0:41:03]}  h5 {[%clk 0:54:23]} 15. f3 {[%clk 0:35:53]}  Nh6 {[%clk 0:54:44]} 16. Bf2 {[%clk 0:34:28]}  Nxf5 {[%clk 0:53:03]} 17. exf5 {[%clk 0:34:56]}  O-O-O {[%clk 0:50:22]} 18. Rhd1 {[%clk 0:32:45]}  Rxd1 {[%clk 0:48:02]} 19. Rxd1 {[%clk 0:33:05]}  h4 {[%clk 0:48:26]} 20. Kd3 {[%clk 0:30:46]}  Rh5 {[%clk 0:40:21]} 21. Ke4 {[%clk 0:27:11]}  Rg5 {[%clk 0:39:19]} 22. Rg1 {[%clk 0:18:19]}  g6 {[%clk 0:36:30]} 23. Bxh4 {[%clk 0:18:11]}  gxf5+ {[%clk 0:36:34]} 24. Kd5 {[%clk 0:18:21]}  Rg6 {[%clk 0:36:11]} 25. Ke6 {[%clk 0:18:40]}  Bc5 {[%clk 0:36:33]} 26. Rh1 {[%clk 0:13:06]}  Nd4+ {[%clk 0:32:37]} 27. Kd5 {[%clk 0:08:41]}  b6 {[%clk 0:27:26]} 28. f4 {[%clk 0:05:36]}  Kd7 {[%clk 0:25:35]} 29. g4 {[%clk 0:02:02]}  fxg4 {[%clk 0:21:23]} 30. fxe5 {[%clk 0:01:37]}  fxe5 {[%clk 0:21:31]} 31. Ne4 {[%clk 0:01:35]}  Nf3 {[%clk 0:11:35]} 32. Nxc5+ {[%clk 0:01:31]}  bxc5 {[%clk 0:11:59]} 33. Bg3 {[%clk 0:01:54]}  Rd6+ {[%clk 0:12:13]} 34. Kxc5 {[%clk 0:02:07]}  Rd2 {[%clk 0:12:20]} 35. Rc1 {[%clk 0:01:18]}  Ke6 {[%clk 0:10:53]} 36. Rc4 {[%clk 0:00:45]}  Kf5 {[%clk 0:08:39]} 37. Ra4 {[%clk 0:00:57]}  Nxh2 {[%clk 0:08:06]} 38. Bxh2 {[%clk 0:00:44]}  Rxh2 {[%clk 0:08:26]} 39. Rxa7 {[%clk 0:01:11]}  Rxb2 {[%clk 0:07:05]} 40. a4 {[%clk 0:01:38]}  Rc2+ {[%clk 0:03:30]} 41. Kb5 {[%clk 0:16:39]}  g3 {[%clk 0:30:46]} 42. Rg7 {[%clk 0:15:01]}  Kf4 {[%clk 0:30:17]} 43. a5 {[%clk 0:14:26]}  Rb2+ {[%clk 0:26:58]} 44. Kc6 {[%clk 0:14:50]}  Ra2 {[%clk 0:27:01]} 45. Kb6 {[%clk 0:15:08]}  e4 {[%clk 0:26:46]} 46. a6 {[%clk 0:15:03]}  e3 {[%clk 0:26:49]} 47. Rf7+ {[%clk 0:15:11]}  Ke4 {[%clk 0:26:19]} 48. Re7+ {[%clk 0:14:25]}  Kf3 {[%clk 0:24:50]} 49. Rf7+ {[%clk 0:12:51]}  Kg2 {[%clk 0:24:31]} 50. a7 {[%clk 0:11:51]}  e2 {[%clk 0:24:49]} 51. Re7 {[%clk 0:12:16]}  Kf2 {[%clk 0:25:09]} 52. Rf7+ {[%clk 0:12:40]}  Ke3 {[%clk 0:25:27]} 53. Re7+ {[%clk 0:13:03]}  Kd2 {[%clk 0:25:48]} 54. Rd7+ {[%clk 0:13:19]}  Kc1 {[%clk 0:26:01]} 55. Rc7+ {[%clk 0:13:42]}  Kb1 {[%clk 0:26:17]} 0-1

[Event "45th FIDE Chess Olympiad Open"]
[Site "Budapest, Hungary"]
[Date "2024.09.20"]
[Round "9"]
[White "Demchenko, Anton"]
[Black "Christiansen, Johan-Sebastian"]
[Result "1-0"]
[Board "14"]
[WhiteFideId "4160258"]
[BlackFideId "1512668"]
[WhiteTitle "GM"]
[BlackTitle "GM"]
[WhiteElo "2597"]
[BlackElo "2661"]
[WhiteTeam "Slovenia"]
[BlackTeam "Norway"]
[WhiteClock "0:29:53"]
[BlackClock "0:30:18"]
[Variant "Standard"]

1. e4 {[%clk 1:30:56]}  e6 {[%clk 1:30:41]} 2. d4 {[%clk 1:31:14]}  d5 {[%clk 1:31:04]} 3. Nc3 {[%clk 1:31:39]}  Nf6 {[%clk 1:31:23]} 4. Bg5 {[%clk 1:32:00]}  Be7 {[%clk 1:31:47]} 5. e5 {[%clk 1:32:13]}  Ne4 {[%clk 1:32:08]} 6. Nxe4 {[%clk 1:26:14]}  dxe4 {[%clk 1:32:33]} 7. Bxe7 {[%clk 1:10:58]}  Qxe7 {[%clk 1:33:00]} 8. Qd2 {[%clk 1:09:19]}  b6 {[%clk 1:28:25]} 9. O-O-O {[%clk 1:08:43]}  Bb7 {[%clk 1:28:04]} 10. f3 {[%clk 1:07:11]}  c5 {[%clk 0:34:46]} 11. fxe4 {[%clk 0:48:35]}  Bxe4 {[%clk 0:24:01]} 12. Nf3 {[%clk 0:29:58]}  O-O {[%clk 0:17:28]} 13. Qe3 {[%clk 0:25:33]}  Bxf3 {[%clk 0:12:33]} 14. gxf3 {[%clk 0:23:46]}  Nc6 {[%clk 0:08:36]} 15. dxc5 {[%clk 0:23:30]}  bxc5 {[%clk 0:08:19]} 16. c3 {[%clk 0:22:53]}  Rfd8 {[%clk 0:06:05]} 17. Bb5 {[%clk 0:22:17]}  Na5 {[%clk 0:03:06]} 18. Rxd8+ {[%clk 0:18:57]}  Rxd8 {[%clk 0:03:35]} 19. Rd1 {[%clk 0:19:21]}  Rd5 {[%clk 0:02:21]} 20. Rxd5 {[%clk 0:11:55]}  exd5 {[%clk 0:02:50]} 21. b3 {[%clk 0:11:44]}  g6 {[%clk 0:02:50]} 22. f4 {[%clk 0:11:28]}  Kg7 {[%clk 0:03:00]} 23. Kb2 {[%clk 0:09:53]}  Qc7 {[%clk 0:01:26]} 24. Be2 {[%clk 0:09:02]}  Qb6 {[%clk 0:01:38]} 25. Qd3 {[%clk 0:07:29]}  d4 {[%clk 0:01:34]} 26. Qb5 {[%clk 0:07:31]}  Qc7 {[%clk 0:01:08]} 27. Bf3 {[%clk 0:06:04]}  dxc3+ {[%clk 0:01:07]} 28. Kxc3 {[%clk 0:06:24]}  g5 {[%clk 0:01:08]} 29. Qa6 {[%clk 0:06:11]}  gxf4 {[%clk 0:01:00]} 30. Qf6+ {[%clk 0:06:20]}  Kg8 {[%clk 0:00:41]} 31. Bd5 {[%clk 0:03:56]}  Nb7 {[%clk 0:00:39]} 32. e6 {[%clk 0:02:26]}  Nd6 {[%clk 0:01:08]} 33. e7 {[%clk 0:02:36]}  Qa5+ {[%clk 0:01:32]} 34. Kd3 {[%clk 0:02:49]}  Qb5+ {[%clk 0:01:19]} 35. Kd2 {[%clk 0:01:01]}  f3 {[%clk 0:01:48]} 36. Qg5+ {[%clk 0:01:05]}  Kh8 {[%clk 0:02:18]} 37. Qe5+ {[%clk 0:01:18]}  Kg8 {[%clk 0:02:47]} 38. Bxf3 {[%clk 0:01:00]}  Qa5+ {[%clk 0:01:33]} 39. Kd1 {[%clk 0:01:12]}  Ne8 {[%clk 0:01:23]} 40. Qb8 {[%clk 0:00:38]}  Qc3 {[%clk 0:00:53]} 41. Qxe8+ {[%clk 0:00:40]}  Kg7 {[%clk 0:30:20]} 42. Qf8+ {[%clk 0:30:06]}  Kg6 {[%clk 0:30:37]} 43. Be4+ {[%clk 0:29:46]}  Kg5 {[%clk 0:30:18]} 44. Qg8+ {[%clk 0:29:53]} 1-0

[Event "45th FIDE Chess Olympiad Open"]
[Site "Budapest, Hungary"]
[Date "2024.09.20"]
[Round "9"]
[White "Tari, Aryan"]
[Black "Subelj, Jan"]
[Result "1/2-1/2"]
[Board "15"]
[WhiteFideId "1510045"]
[BlackFideId "14618583"]
[WhiteTitle "GM"]
[BlackTitle "GM"]
[WhiteElo "2642"]
[BlackElo "2498"]
[WhiteTeam "Norway"]
[BlackTeam "Slovenia"]
[WhiteClock "0:08:00"]
[BlackClock "0:13:30"]
[Variant "Standard"]

1. e4 {[%clk 1:29:44]}  e5 {[%clk 1:30:31]} 2. Nf3 {[%clk 1:30:01]}  Nc6 {[%clk 1:30:42]} 3. Bc4 {[%clk 1:30:27]}  Bc5 {[%clk 1:30:31]} 4. c3 {[%clk 1:30:44]}  Nf6 {[%clk 1:30:32]} 5. d3 {[%clk 1:31:10]}  d6 {[%clk 1:29:42]} 6. b4 {[%clk 1:31:17]}  Bb6 {[%clk 1:30:03]} 7. a4 {[%clk 1:31:41]}  a5 {[%clk 1:26:36]} 8. b5 {[%clk 1:32:03]}  Ne7 {[%clk 1:25:05]} 9. Nbd2 {[%clk 1:32:22]}  O-O {[%clk 1:22:16]} 10. O-O {[%clk 1:32:45]}  Ng6 {[%clk 1:22:02]} 11. d4 {[%clk 1:32:59]}  Bg4 {[%clk 0:55:05]} 12. Qc2 {[%clk 1:32:24]}  exd4 {[%clk 0:53:31]} 13. cxd4 {[%clk 1:31:01]}  d5 {[%clk 0:52:55]} 14. exd5 {[%clk 1:30:03]}  Nxd5 {[%clk 0:53:04]} 15. Qb3 {[%clk 1:25:01]}  c6 {[%clk 0:45:49]} 16. Re1 {[%clk 1:02:02]}  Nb4 {[%clk 0:36:04]} 17. Bb2 {[%clk 0:45:23]}  Nf4 {[%clk 0:32:17]} 18. Re4 {[%clk 0:29:46]}  Bc7 {[%clk 0:31:13]} 19. Ne5 {[%clk 0:26:47]}  Bxe5 {[%clk 0:29:14]} 20. dxe5 {[%clk 0:23:56]}  Be6 {[%clk 0:24:37]} 21. Nf3 {[%clk 0:18:41]}  cxb5 {[%clk 0:20:50]} 22. axb5 {[%clk 0:18:24]}  Bxc4 {[%clk 0:18:38]} 23. Qxc4 {[%clk 0:13:48]}  Rc8 {[%clk 0:18:08]} 24. Qf1 {[%clk 0:14:17]}  Ne6 {[%clk 0:18:15]} 25. Ba3 {[%clk 0:12:41]}  Qd5 {[%clk 0:17:49]} 26. Bxb4 {[%clk 0:10:34]}  Qxe4 {[%clk 0:17:22]} 27. Bxf8 {[%clk 0:11:02]}  Kxf8 {[%clk 0:17:00]} 28. Rxa5 {[%clk 0:10:21]}  Nd4 {[%clk 0:12:52]} 29. Nxd4 {[%clk 0:10:03]}  Qxd4 {[%clk 0:13:16]} 30. Ra1 {[%clk 0:08:00]}  Qxe5 {[%clk 0:13:30]} 1/2-1/2

[Event "45th FIDE Chess Olympiad Open"]
[Site "Budapest, Hungary"]
[Date "2024.09.20"]
[Round "9"]
[White "Lavrencic, Matic"]
[Black "Urkedal, Frode Olav Olsen"]
[Result "1/2-1/2"]
[Board "16"]
[WhiteFideId "14637847"]
[BlackFideId "1506102"]
[WhiteTitle "FM"]
[BlackTitle "GM"]
[WhiteElo "2360"]
[BlackElo "2546"]
[WhiteTeam "Slovenia"]
[BlackTeam "Norway"]
[WhiteClock "0:34:19"]
[BlackClock "0:30:27"]
[Variant "Standard"]

1. e4 {[%clk 1:30:55]}  e5 {[%clk 1:30:56]} 2. Nf3 {[%clk 1:31:06]}  Nc6 {[%clk 1:31:21]} 3. Bb5 {[%clk 1:31:24]}  a6 {[%clk 1:31:47]} 4. Ba4 {[%clk 1:31:44]}  Nf6 {[%clk 1:32:10]} 5. Nc3 {[%clk 1:32:03]}  b5 {[%clk 1:27:55]} 6. Bb3 {[%clk 1:32:22]}  Bc5 {[%clk 1:27:13]} 7. Nd5 {[%clk 1:32:26]}  h6 {[%clk 1:10:50]} 8. c3 {[%clk 1:19:48]}  Ba7 {[%clk 1:08:11]} 9. d4 {[%clk 1:16:55]}  O-O {[%clk 0:54:41]} 10. dxe5 {[%clk 1:04:46]}  Ng4 {[%clk 0:52:34]} 11. O-O {[%clk 1:04:30]}  Ngxe5 {[%clk 0:48:09]} 12. Nd4 {[%clk 0:43:15]}  d6 {[%clk 0:42:55]} 13. Bf4 {[%clk 0:42:08]}  Re8 {[%clk 0:31:51]} 14. Nxc6 {[%clk 0:41:07]}  Nxc6 {[%clk 0:32:13]} 15. Qf3 {[%clk 0:39:56]}  Ne5 {[%clk 0:29:06]} 16. Bxe5 {[%clk 0:38:42]}  Rxe5 {[%clk 0:17:22]} 17. Nb4 {[%clk 0:38:29]}  Bd7 {[%clk 0:15:44]} 18. Bxf7+ {[%clk 0:30:35]}  Kh8 {[%clk 0:16:12]} 19. Bd5 {[%clk 0:28:30]}  Rc8 {[%clk 0:15:10]} 20. Nc6 {[%clk 0:27:40]}  Bxc6 {[%clk 0:15:35]} 21. Bxc6 {[%clk 0:28:07]}  Rb8 {[%clk 0:15:42]} 22. b4 {[%clk 0:22:30]}  Rb6 {[%clk 0:15:29]} 23. Bd5 {[%clk 0:20:57]}  Qe8 {[%clk 0:14:19]} 24. Qd3 {[%clk 0:18:04]}  Rb8 {[%clk 0:11:47]} 25. Kh1 {[%clk 0:17:45]}  c6 {[%clk 0:10:43]} 26. Bb3 {[%clk 0:18:08]}  Qg6 {[%clk 0:10:33]} 27. a4 {[%clk 0:13:36]}  Bb6 {[%clk 0:09:14]} 28. axb5 {[%clk 0:13:57]}  axb5 {[%clk 0:09:42]} 29. f4 {[%clk 0:13:24]}  Qxe4 {[%clk 0:09:47]} 30. Qxd6 {[%clk 0:11:02]}  Ree8 {[%clk 0:10:10]} 31. f5 {[%clk 0:10:15]}  Rbd8 {[%clk 0:10:39]} 32. Qg6 {[%clk 0:10:25]}  Bc7 {[%clk 0:09:40]} 33. Bf7 {[%clk 0:09:09]}  Qe5 {[%clk 0:03:23]} 34. Qh5 {[%clk 0:09:27]}  Rf8 {[%clk 0:03:28]} 35. Rae1 {[%clk 0:06:42]}  Qxh2+ {[%clk 0:02:38]} 36. Qxh2 {[%clk 0:07:08]}  Bxh2 {[%clk 0:03:04]} 37. Bg6 {[%clk 0:06:45]}  Bd6 {[%clk 0:03:29]} 38. Re6 {[%clk 0:06:26]}  c5 {[%clk 0:02:35]} 39. bxc5 {[%clk 0:04:20]}  Bxc5 {[%clk 0:03:03]} 40. Re5 {[%clk 0:03:51]}  Rc8 {[%clk 0:03:26]} 41. Rb1 {[%clk 0:03:34]}  Bd6 {[%clk 0:01:15]} 42. Rd5 {[%clk 0:03:35]}  Bg3 {[%clk 0:30:01]} 43. Rd3 {[%clk 0:33:59]}  Be5 {[%clk 0:30:27]} 44. Rxb5 {[%clk 0:34:19]} 1/2-1/2

[Event "45th FIDE Chess Olympiad Open"]
[Site "Budapest, Hungary"]
[Date "2024.09.20"]
[Round "9"]
[White "Martirosyan, Haik M."]
[Black "Keymer, Vincent"]
[Result "1/2-1/2"]
[Board "17"]
[WhiteFideId "13306553"]
[BlackFideId "12940690"]
[WhiteTitle "GM"]
[BlackTitle "GM"]
[WhiteElo "2667"]
[BlackElo "2730"]
[WhiteTeam "Armenia"]
[BlackTeam "Germany"]
[WhiteClock "0:05:42"]
[BlackClock "0:02:21"]
[Variant "Standard"]

1. e4 {[%clk 1:30:18]}  c6 {[%clk 1:28:55]} 2. Nf3 {[%clk 1:29:37]}  d5 {[%clk 1:29:20]} 3. Nc3 {[%clk 1:30:01]}  Bg4 {[%clk 1:28:08]} 4. h3 {[%clk 1:30:06]}  Bxf3 {[%clk 1:28:33]} 5. Qxf3 {[%clk 1:30:33]}  e6 {[%clk 1:28:58]} 6. Be2 {[%clk 1:29:27]}  d4 {[%clk 1:29:03]} 7. Nb1 {[%clk 1:28:51]}  Ne7 {[%clk 1:29:27]} 8. h4 {[%clk 1:27:35]}  h5 {[%clk 1:28:43]} 9. d3 {[%clk 1:26:46]}  Ng6 {[%clk 1:29:02]} 10. g3 {[%clk 1:24:00]}  a5 {[%clk 1:29:09]} 11. Nd2 {[%clk 1:22:19]}  a4 {[%clk 1:24:31]} 12. a3 {[%clk 1:21:56]}  Nd7 {[%clk 1:22:50]} 13. Qg2 {[%clk 1:21:24]}  Be7 {[%clk 1:08:56]} 14. f4 {[%clk 1:11:04]}  e5 {[%clk 1:07:47]} 15. Nf3 {[%clk 1:05:49]}  Ra5 {[%clk 1:04:10]} 16. O-O {[%clk 0:56:36]}  Rc5 {[%clk 0:59:24]} 17. Bd1 {[%clk 0:54:07]}  Nf6 {[%clk 0:55:43]} 18. Nxe5 {[%clk 0:38:01]}  Nxe5 {[%clk 0:56:07]} 19. fxe5 {[%clk 0:38:28]}  Rxe5 {[%clk 0:54:46]} 20. b3 {[%clk 0:36:06]}  Re6 {[%clk 0:46:13]} 21. bxa4 {[%clk 0:33:46]}  Nd7 {[%clk 0:43:29]} 22. Rb1 {[%clk 0:29:45]}  b6 {[%clk 0:38:41]} 23. Bf4 {[%clk 0:25:17]}  Bd6 {[%clk 0:28:52]} 24. Qh3 {[%clk 0:16:20]}  Qc7 {[%clk 0:26:44]} 25. Be2 {[%clk 0:15:22]}  Nc5 {[%clk 0:18:44]} 26. Rb4 {[%clk 0:14:30]}  Rg6 {[%clk 0:16:43]} 27. Kh2 {[%clk 0:13:07]}  Rf6 {[%clk 0:15:09]} 28. Rxd4 {[%clk 0:05:50]}  Bxf4 {[%clk 0:10:05]} 29. gxf4 {[%clk 0:06:20]}  Rxf4 {[%clk 0:10:18]} 30. Rxf4 {[%clk 0:04:59]}  Qxf4+ {[%clk 0:05:05]} 31. Qg3 {[%clk 0:05:28]}  Qxg3+ {[%clk 0:05:23]} 32. Kxg3 {[%clk 0:05:57]}  Ke7 {[%clk 0:05:18]} 33. Rc4 {[%clk 0:05:07]}  Ra8 {[%clk 0:02:20]} 34. Rb4 {[%clk 0:04:12]}  Nxa4 {[%clk 0:02:13]} 35. Bxh5 {[%clk 0:04:21]}  f6 {[%clk 0:01:31]} 36. Bf3 {[%clk 0:04:11]}  Ra7 {[%clk 0:00:45]} 37. e5 {[%clk 0:03:49]}  fxe5 {[%clk 0:00:48]} 38. Bxc6 {[%clk 0:04:04]}  Nc5 {[%clk 0:00:53]} 39. a4 {[%clk 0:03:19]}  Kd6 {[%clk 0:00:57]} 40. Be8 {[%clk 0:02:59]}  Rb7 {[%clk 0:00:37]} 41. Bb5 {[%clk 0:29:15]}  Re7 {[%clk 0:28:21]} 42. Rg4 {[%clk 0:28:03]}  Ne6 {[%clk 0:27:17]} 43. Rg6 {[%clk 0:27:46]}  Kc7 {[%clk 0:27:21]} 44. Kf3 {[%clk 0:26:05]}  Nd4+ {[%clk 0:11:45]} 45. Ke4 {[%clk 0:24:33]}  Ne2 {[%clk 0:12:13]} 46. Ke3 {[%clk 0:18:09]}  Nf4 {[%clk 0:11:15]} 47. Rc6+ {[%clk 0:17:06]}  Kb7 {[%clk 0:11:43]} 48. Ke4 {[%clk 0:15:31]}  Ne2 {[%clk 0:11:06]} 49. Rg6 {[%clk 0:14:32]}  Kc7 {[%clk 0:10:49]} 50. h5 {[%clk 0:13:37]}  Nc3+ {[%clk 0:05:21]} 51. Ke3 {[%clk 0:12:09]}  Nd5+ {[%clk 0:05:07]} 52. Kf3 {[%clk 0:12:38]}  Nf4 {[%clk 0:04:27]} 53. Rg5 {[%clk 0:13:07]}  Ne6 {[%clk 0:02:19]} 54. Rg6 {[%clk 0:09:56]}  Nf4 {[%clk 0:02:48]} 55. Rc6+ {[%clk 0:09:54]}  Kb7 {[%clk 0:03:17]} 56. Kg4 {[%clk 0:09:34]}  Nd5 {[%clk 0:03:00]} 57. Kf5 {[%clk 0:07:56]}  Ne3+ {[%clk 0:01:05]} 58. Kg5 {[%clk 0:08:07]}  Ng2 {[%clk 0:01:33]} 59. Rc4 {[%clk 0:07:33]}  Ne3 {[%clk 0:01:56]} 60. Rc3 {[%clk 0:07:11]}  Kb8 {[%clk 0:01:34]} 61. Rc6 {[%clk 0:07:06]}  Kb7 {[%clk 0:02:02]} 62. c4 {[%clk 0:07:02]}  e4 {[%clk 0:01:04]} 63. dxe4 {[%clk 0:07:08]}  Rxe4 {[%clk 0:01:32]} 64. Kg6 {[%clk 0:06:37]}  Rg4+ {[%clk 0:02:01]} 65. Kf7 {[%clk 0:06:46]}  Rg5 {[%clk 0:02:03]} 66. Re6 {[%clk 0:06:33]}  Ng4 {[%clk 0:00:58]} 67. Re7+ {[%clk 0:05:06]}  Kb8 {[%clk 0:01:27]} 68. Re8+ {[%clk 0:04:40]}  Kc7 {[%clk 0:01:37]} 69. Rh8 {[%clk 0:04:27]}  Nh6 {[%clk 0:01:53]} 70. Ke6 {[%clk 0:04:48]}  Rxh5 {[%clk 0:02:06]} 71. Ra8 {[%clk 0:04:43]}  Kb7 {[%clk 0:02:20]} 72. Rd8 {[%clk 0:04:48]}  Re5+ {[%clk 0:01:49]} 73. Kd7 {[%clk 0:04:51]}  Rc5 {[%clk 0:02:09]} 74. Rf8 {[%clk 0:04:52]}  Nf5 {[%clk 0:01:15]} 75. Ke6 {[%clk 0:03:59]}  Nd4+ {[%clk 0:01:43]} 76. Kd6 {[%clk 0:04:13]}  Nf5+ {[%clk 0:01:43]} 77. Ke6 {[%clk 0:04:43]}  Nd4+ {[%clk 0:02:05]} 78. Kd6 {[%clk 0:05:12]}  Nf5+ {[%clk 0:02:08]} 79. Ke6 {[%clk 0:05:42]}  Nd4+ {[%clk 0:02:21]} 1/2-1/2

[Event "45th FIDE Chess Olympiad Open"]
[Site "Budapest, Hungary"]
[Date "2024.09.20"]
[Round "9"]
[White "Kollars, Dmitrij"]
[Black "Sargsyan, Shant"]
[Result "1/2-1/2"]
[Board "18"]
[WhiteFideId "12909572"]
[BlackFideId "13306766"]
[WhiteTitle "GM"]
[BlackTitle "GM"]
[WhiteElo "2659"]
[BlackElo "2649"]
[WhiteTeam "Germany"]
[BlackTeam "Armenia"]
[WhiteClock "0:30:06"]
[BlackClock "1:27:10"]
[Variant "Standard"]

1. e4 {[%clk 1:30:51]}  e5 {[%clk 1:29:39]} 2. Nf3 {[%clk 1:31:14]}  Nc6 {[%clk 1:30:01]} 3. Bc4 {[%clk 1:31:19]}  Nf6 {[%clk 1:30:13]} 4. d3 {[%clk 1:31:30]}  Bc5 {[%clk 1:30:31]} 5. c3 {[%clk 1:31:40]}  O-O {[%clk 1:30:54]} 6. O-O {[%clk 1:31:45]}  d5 {[%clk 1:31:11]} 7. exd5 {[%clk 1:31:50]}  Nxd5 {[%clk 1:31:34]} 8. a4 {[%clk 1:31:35]}  a5 {[%clk 1:31:37]} 9. Nbd2 {[%clk 1:29:14]}  Nb6 {[%clk 1:30:01]} 10. Bb5 {[%clk 1:29:17]}  Bd6 {[%clk 1:29:59]} 11. Re1 {[%clk 1:28:44]}  Bg4 {[%clk 1:28:06]} 12. Ne4 {[%clk 1:27:55]}  Na7 {[%clk 1:27:29]} 13. h3 {[%clk 1:24:36]}  Bh5 {[%clk 1:27:51]} 14. d4 {[%clk 1:21:55]}  Nxb5 {[%clk 1:28:04]} 15. axb5 {[%clk 1:22:12]}  exd4 {[%clk 1:28:27]} 16. Nxd6 {[%clk 1:21:29]}  Qxd6 {[%clk 1:28:51]} 17. Qxd4 {[%clk 1:19:32]}  Qxd4 {[%clk 1:29:16]} 18. Nxd4 {[%clk 1:19:57]}  Bg6 {[%clk 1:29:42]} 19. Bf4 {[%clk 1:12:12]}  Rfc8 {[%clk 1:29:59]} 20. b3 {[%clk 0:59:45]}  h5 {[%clk 1:26:16]} 21. c4 {[%clk 0:54:51]}  a4 {[%clk 1:26:20]} 22. bxa4 {[%clk 0:51:16]}  Rxa4 {[%clk 1:26:23]} 23. Rxa4 {[%clk 0:47:22]}  Nxa4 {[%clk 1:26:47]} 24. Re7 {[%clk 0:41:53]}  Nb6 {[%clk 1:26:48]} 25. Bxc7 {[%clk 0:30:54]}  Nxc4 {[%clk 1:26:48]} 26. b6 {[%clk 0:31:12]}  Ra8 {[%clk 1:27:03]} 27. Bf4 {[%clk 0:28:31]}  Nxb6 {[%clk 1:26:07]} 28. Rxb7 {[%clk 0:28:52]}  Nd5 {[%clk 1:25:33]} 29. Rb8+ {[%clk 0:28:51]}  Rxb8 {[%clk 1:25:58]} 30. Bxb8 {[%clk 0:29:17]}  Ne7 {[%clk 1:26:18]} 31. Bd6 {[%clk 0:29:41]}  Nf5 {[%clk 1:26:43]} 32. Nxf5 {[%clk 0:30:06]}  Bxf5 {[%clk 1:27:10]} 1/2-1/2